Statistics for Most Spoken Languages in India 2050

Click here to take the quiz!

General Stats

  • This quiz has been taken 33 times
  • The average score is 4 of 5

Answer Stats

PopulationAnswer% Correct
460 MillionHindi
100%
890 MillionEnglish
97%
225 MillionBengali
86%
230 MillionUrdu
72%
165 MillionGujarati
59%

Score Distribution

Percentile by Number Answered

Percent of People with Each Score

Your Score History

You have not taken this quiz